000 00803cam a2200265 a 4500
001 000019517
005 20200929170037.0
008 830909s1969 sp 001 e spa d
040 _aDO-SdBNP
_cCarP
_dDLC
082 _a862.5
_bB456in, 1969
100 1 _aBenavente, Jacinto,
_d1866-1954
_95362
245 1 4 _aLos intereses creados /
_cJacinto Benavente.
250 _a19a ed.
260 _aMadrid :
_bEspasa-Calpe,
_c1969.
300 _a178 p. ;
_c18 cm.
490 1 _aAustral. Violeta: teatro y poesía
_v34
500 _aIncluye índice de autores.
650 4 _aTeatro español
_93071
650 4 _aLiteratura española
_9632
740 0 2 _aSeñora ama
830 0 _aAustral.
_pVioleta: teatro y poesía;
_v34
_939559
910 _aCatalogación derivada / LC
910 _aWM
049 _aBNGR
999 _c19033
_d19033